000 00755nam a22002292 4500
001 0000004026
005 20151217145750.0
008 070517s xx 000 0 eng d
020 _a0070472602 :
_cKES 955
040 _aKABU
_cKABU
050 0 _aQA76.64
_b.W8 2001
100 1 _aWu, C. Thomas.
_@0000154356
245 1 3 _aAn Introduction to object-oriented programming with Java /
_cC. Thomas Wu.
250 _a2nd ed.
260 _aBoston, Mass. :
_bMcGraw-Hill,
_c2001.
300 _axxviii, 863 p. :
_bill. ;
_c24 cm.
650 0 _aObject oriented programming (Computer science)
_@0000148166
650 0 _aJava (Computer program language)
_@0000148169
908 _a070517
950 _@1
999 _c2392
_d2392